书目信息 |
| 题名: |
外国哲学
|
|
| 作者: | ;《外国哲学》编委会 编 | |
| 分册: | 第六辑 | |
| 出版信息: | 北京 商务印书馆 1985 |
|
| 页数: | 382页 | |
| 开本: | 21cm | |
| 丛书名: | ||
| 单 册: | ||
| 中图分类: | B1 | |
| 科图分类: | ||
| 主题词: | 哲学--世界 | |
| 电子资源: | ||
| ISBN: | ||
| 000 | 00631nam0 2200229 45 | |
| 001 | 0181004458 | |
| 005 | 20050523161402.1 | |
| 010 | @dCNY2.25 | |
| 091 | @a2017.338 | |
| 100 | @a19950413f19851986em y0chiy0121 ea | |
| 101 | 0 | @achi |
| 102 | @aCN@b110000 | |
| 105 | @ay z 000yy | |
| 200 | 10 | @a外国哲学@Awai guo zhe xue@h第六辑@f《外国哲学》编委会编@F《Wai Guo ZheXue》Bian Wei Hui Bian |
| 210 | @a北京@c商务印书馆@d1985 | |
| 215 | @a382页@d21cm | |
| 606 | @a哲学@x世界 | |
| 690 | @aB1@v3 | |
| 711 | 02 | @a《外国哲学》编委会@4编 |
| 801 | 0 | @aCN@b上海图书馆@c20040508 |
| 801 | 2 | @aCN@bNLC@c20040508 |
| 905 | @dB1@e2:6@f1@b141705 | |
| 外国哲学.第六辑/《外国哲学》编委会编.-北京:商务印书馆,1985 |
| 382页;21cm |
| ISBN :CNY2.25 |
| ● |
| 相关链接 |
|
|
|
|
正题名:外国哲学
索取号:B1/2:6
 
预约/预借
| 序号 | 登录号 | 条形码 | 馆藏地/架位号 | 状态 | 备注 |
| 1 | 0141703 | 001124358 | 密集书库/ [索取号:B1/2:6] | 在馆 | |
| 2 | 0141704 | 001145512 | 密集书库/ [索取号:B1/2:6] | 在馆 | |
| 3 | 0141705 | 001145488 | 第一样本阅览室/ [索取号:B1/2:6] | 在馆 |